Представление документа в формате MARC21

Поле Инд. ПП Название Значение
Тип записи a
Библиографический уровень m
001 Контрольный номер RU/IS/BASE/318511588
005 Дата корректировки 20141114155230.8
020 a ISBN 978-5-9667-0498-8
040 a Служба первич. каталог. НБ ТвГУ
b Код языка каталог. rus
e Правила каталог. PSBO
041 0_ a Код языка текста rus
080 a Индекс УДК 087.5:54
084 a Индекс другой классификации/Индекс ББК Г.я92
084 a Индекс другой классификации/Индекс ББК Ш9:Г
090 a Полочн. индекс Г.я92
x Авторский знак С 13
100 1_ a Автор Савинкина Елена Владимировна
q Полное имя Савинкина Е. В.
245 10 a Заглавие Что такое химическая реакция
b Продолж. заглавия химическая азбука для учащихся младших классов
260 a Место издания Москва
b Издательство Чистые пруды
c Дата издания 2008
300 a Объем 31, [1] с.
b Иллюстрации/ тип воспроизводства ил.
440 2 0
a Серия Библиотечка "Первого сентября"
440 _0 2 0
a Серия Химия
v N тома вып. 23
520 a Аннотация Пособие предназначено для учащихся младших классов. В легкой и доступной форме оно раскрывает сущность химических явлений, знакомит с химическими реакциями, с которыми мы сталкиваемся ежедневно, даже не задумываясь об этом. Содержит творческие задания, загадки, кроссворды, решение которых способствует пробуждению у детей интереса к химии. Пособие можно использовать для чтения в классе и дома.
653 a Ключевые слова Загадки
a Ключевые слова Занимательная химия
a Ключевые слова Кроссворды
a Ключевые слова Химические реакции
a Ключевые слова Химические явления
a Ключевые слова Химия
920 a Оператор Густ
930 a Новая/Ретро занимательная
952 c Вид литературы К ру
954 a Дата поступления на обработку 20100823